[Event "Adelboden Swiss Alpine op"]
[Site "Adelboden"]
[Date "2023.11.25"]
[Round "2"]
[White "Krneta, August"]
[Black "Cattomio, Roberto"]
[Result "0-1"]
[WhiteElo "1171"]
[BlackElo "1519"]
[PlyCount "82"]
[EventDate "2023.11.24"]
[EventType "swiss"]
[EventRounds "5"]
[EventCountry "SUI"]
[SourceTitle "CB50_2023"]
[SourceDate "2023.12.13"]
[SourceVersion "1"]
[SourceVersionDate "2023.12.13"]
[SourceQuality "1"]

1. e4 e5 2. Nf3 Nc6 3. Nc3 Nf6 4. Bb5 d6 5. 0-0 Bd7 6. d3 g6 7. Bg5 Bg7 8. Nd5 0-0 9. Qd2 a6 10. Bxc6 Bxc6 11. Nxf6+ Bxf6 12. Rfe1 Re8 13. Bxf6 Qxf6 14. Qg5 Kg7 15. Rad1 Qxg5 16. Nxg5 h6 17. Nf3 Re7 18. d4 exd4 19. Rxd4 Rae8 20. Nd2 f5 21. f3 fxe4 22. fxe4 Re5 23. c3 d5 24. Nf3 Rxe4 25. Rdxe4 Rxe4 26. Rxe4 dxe4 27. Nd4 Bd5 28. Kf2 c5 29. Nb3 b6 30. a3 Bxb3 31. Ke3 Bc2 32. g3 g5 33. Kd2 Bd3 34. h4 Kf6 35. hxg5+ Kxg5 36. Ke3 Kg4 37. Kf2 h5 38. Ke3 Kxg3 39. Kd2 h4 40. b4 h3 41. bxc5 bxc5 0-1

[Event "Adelboden Swiss Alpine op"]
[Site "Adelboden"]
[Date "2023.11.24"]
[Round "1"]
[White "Cervelli, Eduard"]
[Black "Krneta, August"]
[Result "1-0"]
[WhiteElo "1753"]
[BlackElo "1171"]
[PlyCount "37"]
[EventDate "2023.11.24"]
[EventType "swiss"]
[EventRounds "5"]
[EventCountry "SUI"]
[SourceTitle "CB50_2023"]
[SourceDate "2023.12.13"]
[SourceVersion "1"]
[SourceVersionDate "2023.12.13"]
[SourceQuality "1"]

1. e4 e5 2. Nf3 Nc6 3. Bc4 Bb4 4. c3 Bc5 5. d4 exd4 6. cxd4 Bb4+ 7. Nc3 Nf6 8. 0-0 Bxc3 9. bxc3 Nxe4 10. d5 Na5 11. Re1 Qe7 12. Bd3 0-0 13. Bxe4 Qc5 14. Be3 Qxc3 15. Bd4 Qc4 16. Ng5 d6 17. Qh5 h6 18. Qxh6 gxh6 19. Bh7# 1-0